[Event "11th European Senior"]
[Site "Courmayeur ITA"]
[Date "2011.04.09"]
[Round "4.8"]
[White "Mishuchkov,N"]
[Black "Serra Olives,T"]
[Result "1-0"]
[WhiteElo "2408"]
[BlackElo "2208"]

1.Nf3 Nf6 2.c4 c5 3.Nc3 e6 4.g3 b6 5.Bg2 Bb7 6.O-O Be7 7.b3 d6 8.Bb2 a6 9.e3 Qc7
10.d4 Nbd7 11.Rc1 O-O 12.Qd3 Rfe8 13.Rfd1 Rad8 14.a4 Bf8 15.d5 exd5 16.Nxd5 Bxd5
17.cxd5 Qb7 18.Bf1 Ra8 19.Bh3 h6 20.Bxd7 Nxd7 21.Rc4 b5 22.Rg4 bxa4 23.Qc3 f6
24.Rxa4 Reb8 25.Ra3 Ne5 26.Nxe5 fxe5 27.Rd2 Qb4 28.Qxb4 Rxb4 29.Bc3 Rb5 30.e4 Rab8
31.Rb2 Be7 32.Kf1 Kf7 33.Ke2 Bd8 34.Kd3 a5 35.f4 exf4 36.gxf4 Bf6 37.e5 Bd8
38.Kc4 Rb4+ 39.Bxb4 Rxb4+ 40.Kc3 Rxf4 41.e6+ Kf6 42.Ra4 Rf3+ 43.Kc4 Kf5 44.Re2 Kf6
45.Rxa5 Be7 46.Raa2 g5 47.Rf2 Rf4+ 48.Rxf4+ gxf4 49.Ra7  1-0

[Event "TCh-NED"]
[Site "Netherlands NED"]
[Date "2011.04.09"]
[Round "8.2"]
[White "Levin,F"]
[Black "Zaragatski,I"]
[Result "1/2-1/2"]
[WhiteElo "2482"]
[BlackElo "2490"]

1.Nf3 Nf6 2.c4 c5 3.Nc3 e6 4.e3 b6 5.a3 Bb7 6.d4 cxd4 7.exd4 d6 8.Bd3 g6
9.d5 e5 10.O-O Bg7 11.Bg5 h6 12.Bh4 Nbd7 13.Nd2 O-O 14.Nde4  1/2-1/2

[Event "FSGM April"]
[Site "Budapest HUN"]
[Date "2011.04.10"]
[Round "9"]
[White "Bindrich,F"]
[Black "Natsidis,C"]
[Result "1-0"]
[WhiteElo "2523"]
[BlackElo "2329"]

1.Nf3 Nf6 2.c4 c5 3.Nc3 e6 4.g3 b6 5.Bg2 Bb7 6.O-O Be7 7.d4 cxd4 8.Qxd4 d6
9.Bg5 Nbd7 10.Nb5 d5 11.Bf4 O-O 12.Bc7 Qc8 13.Bd6 Qd8 14.cxd5 Bxd5 15.Bxe7 Qxe7
16.Nc7 Rac8 17.Nxd5 Nxd5 18.Rac1 Nc5 19.Ne5 a5 20.Bxd5 exd5 21.Qxd5 Rfe8
22.Nc4 Rcd8 23.Qf3 Qxe2 24.Qxe2 Rxe2 25.Rfe1 Rxe1+ 26.Rxe1 g6 27.Nxb6 Rd2
28.Re5 Nd3 29.Rb5 Rxb2 30.Rxb2 Nxb2 31.Kf1 Kf8 32.Nd5 Nd3 33.a3 h5 34.Ke2 Ne5
35.Ne3 Ke7 36.f4 Nc6 37.Kd3 Kd6 38.Kc4 Na7 39.Nc2 Kc6 40.Nd4+ Kb6 41.h3 Nc8
42.Kd5 a4 43.Kc4 Nd6+ 44.Kb4 Ne4 45.Ne2 Nc5 46.h4 Kc6 47.Nc3 Kd6 48.Kb5 Nd3
49.Nxa4 Kd5 50.Nb6+ Ke4 51.a4 Kf3 52.a5  1-0

[Event "ch-CHN w 2011"]
[Site "Xinghua Jiangsu CHN"]
[Date "2011.04.10"]
[Round "11"]
[White "Huang Qian"]
[Black "Zhao Xue"]
[Result "1-0"]
[WhiteElo "2394"]
[BlackElo "2495"]

1.c4 Nf6 2.Nc3 c5 3.Nf3 e6 4.d4 cxd4 5.Nxd4 Bb4 6.g3 Ne4 7.Qd3 Bxc3+ 8.bxc3 Nc5
9.Qe3 b6 10.Bg2 Bb7 11.Bxb7 Nxb7 12.Qf3 Nc6 13.Nxc6 dxc6 14.Qxc6+ Qd7 15.Qxd7+ Kxd7
16.Ba3 Rhc8 17.O-O-O+ Ke8 18.Rd4 Rc7 19.Rhd1 Rac8 20.Kc2 Rxc4 21.Rxc4 Rxc4
22.Bb4 Rc7 23.a4 f6 24.h4 h5 25.Rd4 Kf7 26.Bd6 Nxd6 27.Rxd6 Ke7 28.Rd4 Rc5
29.Rb4 Re5 30.Kd3 Rd5+ 31.Kc2 Rf5 32.f3 Rd5 33.Rc4 Kd7 34.Rb4 Kc6 35.Rc4+ Kd7
36.Rb4 Kd6 37.Rc4 Rc5 38.Rd4+ Ke7 39.Rb4 e5 40.Kd3 Ke6 41.Kc2 Kd6 42.Kd3 Kd5
43.Rb1 Kc6 44.Rb4 Kd6 45.Kc2 Ke6 46.Kd3 Kd5 47.Rb1 f5 48.e4+ fxe4+ 49.fxe4+ Ke6
50.Rb5 Kd6 51.Rb1 Kd7 52.Rb5 Kc6 53.Rb1 Ra5 54.Rb4 Kd6 55.Kc2 Rc5 56.Kd3 Ra5
57.Kc2 Kc5 58.Kd3 Kc6 59.Kc2 Kd7 60.Kd3 Kd6 61.Kc2 Rc5 62.Kd3 Rc7 63.Rb5 Rf7
64.Ke2 Rc7 65.Kd3 Rc5 66.Rb4 Rc8 67.Rb5 Rc7 68.Rd5+ Ke6 69.a5 Rc6 70.axb6 axb6
71.Rb5 Kf6 72.Rb1 Kf7 73.Rb5 Rg6 74.Rxe5 Rxg3+ 75.Kd4 g6 76.Rb5 Rh3 77.Rxb6 Rxh4
78.Ke5 Kg7 79.Rb2 Rg4 80.c4 h4 81.c5 h3 82.c6 Rg1 83.Rc2 Rg2 84.Rc1 h2 85.c7 Rg5+
86.Kf4  1-0

[Event "ch-SRB w 2011"]
[Site "Belgrade SRB"]
[Date "2011.04.15"]
[Round "5"]
[White "Manakova,M"]
[Black "Miladinovic,L"]
[Result "1-0"]
[WhiteElo "2336"]
[BlackElo "2086"]

1.c4 Nf6 2.Nc3 c5 3.Nf3 e6 4.d4 cxd4 5.Nxd4 Bb4 6.Nb5 d5 7.cxd5 Nxd5 8.e4 Nxc3
9.Qxd8+ Kxd8 10.bxc3 Bc5 11.Bf4 Na6 12.Nd6 Ke7 13.e5 f6 14.Rb1 fxe5 15.Nxc8+ Kf6
16.Bd2 Raxc8 17.Rxb7 Nc7 18.Bd3 h6 19.Ke2 Rhd8 20.f4 exf4 21.Bxf4 Nd5 22.Bd2 g5
23.g3 Ke5 24.c4 Nb6 25.h4 Rf8 26.hxg5 Rf2+ 27.Ke1 hxg5 28.Rh5 Rf3 29.Rxg5+ Kd4
30.Be2 Ra3 31.Rg4+ Ke5 32.Bf4+ Kf6 33.Bg5+ Ke5 34.Bf4+ Kf6 35.Rbg7 Bb4+ 36.Kf1 Nxc4
37.Bxc4 Rxc4 38.Be5+ Kxe5 39.Rxc4 Bd6 40.g4 Rxa2 41.Rf7 Kd5 42.Rc1 Ra4 43.g5 Be5
44.g6 Bb2 45.g7 Rg4 46.Rd7+ Ke5 47.Rc8  1-0

[Event "TCh-CZE 2010-11"]
[Site "Czech Rep CZE"]
[Date "2011.04.16"]
[Round "10.1"]
[White "Ftacnik,L"]
[Black "Kanovsky,D"]
[Result "1/2-1/2"]
[WhiteElo "2578"]
[BlackElo "2497"]

1.Nf3 Nf6 2.c4 c5 3.Nc3 g6 4.e4 Nc6 5.d4 cxd4 6.Nxd4 Nxd4 7.Qxd4 d6 8.Be3 Bg7
9.f3 O-O 10.Qd2 a5 11.b3 a4 12.b4 Be6 13.Rc1 Qd7 14.Bd3 Rfc8 15.Nb5 a3 16.O-O h5
17.Nd4 Kh7 18.f4 Bg4 19.f5 e5 20.Nb5 gxf5 21.exf5 d5 22.h3 dxc4 23.Bxc4 Qxd2
24.Bxd2 Rxc4 25.Rxc4 Be2 26.Rfc1 Bxc4 27.Rxc4 Rd8 28.Bc1 Rd1+ 29.Kf2 Nd5
30.Nxa3 e4 31.Ke2 Rg1 32.Kf2 Rd1 33.Ke2 Rg1 34.Kf2 Rd1  1/2-1/2

[Event "Norsk Open A"]
[Site "Fagernes NOR"]
[Date "2011.04.17"]
[Round "1"]
[White "Vaarala,E"]
[Black "Salomon,J"]
[Result "1/2-1/2"]
[WhiteElo "2167"]
[BlackElo "1889"]

1.Nf3 Nf6 2.c4 c5 3.Nc3 b6 4.e4 d6 5.d4 cxd4 6.Nxd4 Bb7 7.Bd3 e6 8.O-O Be7
9.Be3 Nbd7 10.f3 a6 11.a4 O-O 12.a5 Rc8 13.Nb3 Qc7 14.axb6 Nxb6 15.Na5 Nfd7
16.Nxb7 Qxb7 17.b3 Bf6 18.Rc1 d5 19.exd5 Bxc3 20.Rxc3 Nxd5 21.Bxh7+ Kxh7
22.Qc2+ Kg8 23.cxd5 Rxc3 24.Qxc3 Rc8 25.Qd3 exd5 26.Ra1 Qb5 27.Qxb5 axb5
28.Bd4 Nf8 29.Ra5 Ne6 30.Bb6 Rb8 31.Rxb5 Nc7 32.Rc5 Rxb6 33.Rxc7 Rxb3 34.Rd7 Rd3
35.Rd8+ Kh7 36.Kf1 Rd2  1/2-1/2

[Event "XLII Abierto Internacional"]
[Site "Mar del Plata ARG"]
[Date "2011.04.18"]
[Round "4.28"]
[White "Quarracino,C"]
[Black "Novoa,F"]
[Result "1-0"]
[WhiteElo "2223"]
[BlackElo "1975"]

1.Nf3 Nf6 2.c4 g6 3.Nc3 c5 4.g3 Nc6 5.Bg2 Bg7 6.d4 cxd4 7.Nxd4 Nxd4 8.Qxd4 O-O
9.O-O d6 10.Rd1 Qa5 11.Qh4 Rb8 12.Bd2 Qh5 13.Qxh5 Nxh5 14.Rac1 Nf6 15.c5 dxc5
16.Bf4 Ra8 17.Na4 Nd7 18.b3 e5 19.Be3 Re8 20.Nxc5 Nxc5 21.Rxc5 e4 22.Bf4 a5
23.Bxe4 Bf8 24.Re5 Bg4 25.f3 Rxe5 26.Bxe5 Re8 27.Rd5 Be6 28.Rxa5 b6 29.Ra8 Bc5+
30.Kg2 Bc8 31.Bf6 Bd7 32.Rxe8+ Bxe8 33.Bd5 Bb5 34.e4 Kf8 35.f4 Be2 36.Bc4 Bg4
37.h3 Bd7 38.g4 Be3 39.Kf3 Bc5 40.h4 Ke8 41.a4 Bc8 42.f5 Kf8 43.Bd5 Bd7 44.Kf4 Bc8
45.e5 Ke8 46.e6 fxe6 47.Bxe6 Ba6 48.fxg6 hxg6 49.h5 gxh5 50.gxh5 Bd3 51.Bf5 Be3+
52.Ke5 Be2 53.Bg6+ Kf8 54.Ke4 Bh6 55.Kd4 b5 56.a5 b4 57.Kc5 Bd2 58.Bd4 Bc3
59.Bxc3 bxc3 60.h6 Bd1 61.b4 c2 62.Bxc2 Bxc2 63.b5 Ke7 64.a6 Kf6 65.b6  1-0

[Event "9th V Nabokov GM"]
[Site "Kyiv UKR"]
[Date "2011.04.20"]
[Round "3.4"]
[White "Gorovets,A"]
[Black "Soltanici,R"]
[Result "1/2-1/2"]
[WhiteElo "2422"]
[BlackElo "2373"]

1.c4 Nf6 2.Nc3 c5 3.Nf3 e6 4.g3 b6 5.Bg2 Bb7 6.O-O Be7 7.d4 cxd4 8.Qxd4 d6
9.Rd1 a6 10.b3 Nbd7 11.e4 Qc7 12.Ba3 Nc5 13.e5 dxe5 14.Qxe5 Rc8 15.Qxc7 Rxc7
16.Ne5 Bxg2 17.Kxg2 Ncd7 18.Nxd7 Nxd7 19.Bd6 Bxd6 20.Rxd6 Ke7 21.Rad1 Rb8
22.Ne4 h6  1/2-1/2

[Event "34th Open"]
[Site "Donostia ESP"]
[Date "2011.04.21"]
[Round "7"]
[White "Miguelez Garcia,E"]
[Black "Valenti,G"]
[Result "1-0"]
[WhiteElo "1957"]
[BlackElo "2143"]

1.c4 c5 2.Nc3 e6 3.Nf3 Nf6 4.d4 cxd4 5.Nxd4 a6 6.g3 Qc7 7.Qd3 d6 8.Bg2 Nbd7
9.O-O Ne5 10.Qc2 Qxc4 11.Rd1 Be7 12.b3 Qc7 13.Ba3 Rb8 14.Rac1 Bd7 15.Qd2 Qa5
16.Nc2 Rc8 17.Ne4 Qxd2 18.Nxf6+ gxf6 19.Rxd2 d5 20.Bxe7 Kxe7 21.e4 dxe4 22.Bxe4 Rc7
23.Rcd1 f5 24.Bg2 h5 25.Ne3 h4 26.Re1 Kf6 27.f4 Ng6 28.Rd6 Kg7 29.Rb6 Bc8
30.Rd1 hxg3 31.hxg3 e5 32.fxe5 Nxe5 33.Rf1 Rh5 34.Bd5 Rc3 35.Re1 f4 36.gxf4 Nd7
37.Rd6 Nf6 38.Bf3 Rh3 39.Kf2 Nh5 40.Rg1+ Kf8 41.f5 Bxf5 42.Rd8+ Ke7 43.Rh8 Rh2+
44.Rg2 Rxg2+ 45.Bxg2 Nf6 46.Nxf5+ Ke6 47.Ne3 Rc1 48.Bxb7 Ra1 49.a4 a5 50.Ra8 Rb1
51.Ra6+  1-0

[Event "Lenk Open"]
[Site "Lenk SUI"]
[Date "2011.04.21"]
[Round "1"]
[White "Paladini,JM"]
[Black "Chivaux,S"]
[Result "1-0"]
[WhiteElo "2053"]
[BlackElo "1743"]

1.c4 Nf6 2.Nc3 c5 3.Nf3 e6 4.d4 cxd4 5.Nxd4 d6 6.g3 Bd7 7.Bg2 Qc8 8.O-O a6
9.b3 Be7 10.Bb2 O-O 11.Rc1 Rd8 12.Qd2 Be8 13.e4 e5 14.Nf5 Bf8 15.Nd5 Nxd5
16.cxd5 Qd7 17.Bh3 Qb5 18.Rc2 Nd7 19.Rfc1 Nf6 20.Qe3 Bd7 21.a4 Qb4 22.Rc4 Qxc4
23.Rxc4 Re8 24.Kg2 b5 25.axb5 Bxb5 26.Rc7 Red8 27.Ba3 Ne8 28.Rc3 f6 29.Nh4 g6
30.Be6+ Kh8 31.Nf3 Ng7 32.Bh3 Kg8 33.Nd2 Re8 34.Rc7 Be7 35.Bd7 Bxd7 36.Rxd7 Rac8
37.Bxd6 Bxd6 38.Rxd6 f5 39.Rd7  1-0

[Event "Joao Braga Open"]
[Site "Sao Paolo BRA"]
[Date "2011.04.22"]
[Round "5.1"]
[White "El Debs,F"]
[Black "Shumyatsky,V"]
[Result "1/2-1/2"]
[WhiteElo "2496"]
[BlackElo "2382"]

1.Nf3 Nf6 2.c4 c5 3.Nc3 b6 4.g3 Bb7 5.Bg2 e6 6.O-O Be7 7.d4 cxd4 8.Qxd4 d6
9.Rd1 a6 10.b3 Nbd7 11.e4 Qc8 12.Bb2 O-O 13.Qe3 Qc7 14.h3 Rfe8 15.Re1 Bf8
16.Nd4 Rad8 17.Rad1 Qb8 18.Re2 g6 19.Qd2 Bg7 20.Qe1 Qa8 21.Ba3 Bf8 22.Bc1 Qb8
23.Bb2 Bg7 24.Ba3 Nc5 25.Bb2 Qa8 26.Ba1 h5 27.Bb2 Qb8  1/2-1/2

[Event "V New Open Lugano"]
[Site "Lugano SUI"]
[Date "2011.04.23"]
[Round "3.1"]
[White "Stojanovic,Mih"]
[Black "Stella,A"]
[Result "1-0"]
[WhiteElo "2568"]
[BlackElo "2364"]

1.Nf3 c5 2.c4 Nf6 3.Nc3 e6 4.g3 b6 5.Bg2 Bb7 6.O-O Be7 7.d4 cxd4 8.Qxd4 d6
9.b3 O-O 10.Ba3 Na6 11.Nd2 Bxg2 12.Kxg2 d5 13.Bxe7 Qxe7 14.cxd5 exd5 15.Nf3 Nc5
16.Rac1 Rad8 17.e3 Qb7 18.Ne2 Ne6 19.Qd3 d4 20.Nxd4 Ng5 21.Qf5 Rd5 22.Qf4 Ne6
23.Nxe6 fxe6 24.Qc7 Qxc7 25.Rxc7 Ra5 26.a4 Nd5 27.Rc6 e5 28.Re6 Nb4 29.Rxe5 Nd3
30.Rxa5 bxa5 31.Rd1 Nc5 32.Rd5 Rc8 33.Nd4 a6 34.h4 h6 35.h5 Kh7 36.g4 Rc7
37.f3 Nb7 38.e4 Nc5 39.Kg3 Rc8 40.Re5 Kh8 41.Rd5 Kh7 42.Kf4 Nd3+ 43.Ke3 Nb4
44.Rd7 Rc3+ 45.Ke2  1-0

[Event "ch-Americas Continental"]
[Site "Toluca MEX"]
[Date "2011.04.23"]
[Round "7"]
[White "Lafuente,P"]
[Black "Vescovi,G"]
[Result "0-1"]
[WhiteElo "2572"]
[BlackElo "2634"]

1.Nf3 c5 2.c4 Nf6 3.Nc3 e6 4.g3 b6 5.Bg2 Bb7 6.O-O Be7 7.d4 cxd4 8.Qxd4 O-O
9.Rd1 d6 10.b3 Nbd7 11.Bb2 a6 12.h3 Qc7 13.Rac1 Rac8 14.Qe3 Rfe8 15.Ng5 Bxg2
16.Kxg2 b5 17.Nce4 bxc4 18.Rxc4 Qb7 19.Rxc8 Rxc8 20.Kg1 d5 21.Nxf6+ Bxf6
22.Bxf6 Nxf6 23.Rc1 h6 24.Nf3 Ne4 25.Ne5 Rc7 26.Nd3 Qc8 27.a4 a5 28.Kg2 Rxc1
29.Qxc1 Qxc1 30.Nxc1 Nc5 31.Kf3 Kf8 32.Ke3 Ke7 33.Kd4 Kd6 34.f3 e5+ 35.Kc3 Kc6
36.e3 f6 37.Ne2 Na6 38.g4 Kc5 39.Ng3 d4+ 40.exd4+ exd4+ 41.Kc2 Nb4+ 42.Kd2 Nd5
43.Ne4+ Kb4 44.Kc2 g5 45.Kd3 Kxb3 46.Kxd4 Nf4 47.Nxf6 Kxa4 48.Kc3 Ka3 49.Ng8 Ne2+
50.Kc2 Nd4+ 51.Kc3 Ne2+ 52.Kc2 Kb4 53.Nxh6 a4 54.Kb2 a3+ 55.Ka2 Nc1+ 56.Ka1 Kc3
57.Nf5 Ne2 58.Kb1 a2+ 59.Ka1 Kd3 60.f4 gxf4 61.g5 f3 62.g6 f2 63.Ne3 f1=Q+  0-1

[Event "Easter Open"]
[Site "Norrkoping SWE"]
[Date "2011.04.24"]
[Round "7"]
[White "Blomqvist,E"]
[Black "Carlsson,P"]
[Result "1/2-1/2"]
[WhiteElo "2419"]
[BlackElo "2496"]

1.Nf3 Nf6 2.c4 c5 3.Nc3 e6 4.g3 b6 5.Bg2 Bb7 6.O-O Be7 7.d4 cxd4 8.Qxd4 d6
9.Bg5 a6 10.Bxf6 Bxf6 11.Qf4 Bxf3 12.exf3 Ra7 13.Rfd1 Rd7 14.Ne4 Be7 15.Qe3 O-O
16.f4 b5 17.b3 bxc4 18.bxc4 Qc7 19.f5 exf5 20.Nc3 Qa7 21.Qxa7 Rxa7 22.Nd5 Bd8
23.Rab1 Nd7 24.Ne3 g6 25.Rxd6 Be7 26.Rd2 Nc5 27.Nd5 Rc8 28.Nxe7+ Rxe7 29.Bd5 Ne4
30.Re2 Rec7 31.Rb3 Nc5 32.Rb6 Kg7 33.h4 h5 34.Re3 a5 35.Kg2 a4 36.Rb5 Rd8
37.Kf3 Rd6 38.Re8 Kf6 39.Ke3 Ne6 40.Ra5 f4+ 41.gxf4 Ng7 42.Re5 Nf5+ 43.Kd3 Nxh4
44.Rxa4 Nf5 45.Kc3 h4 46.Ra8 h3 47.Rh8 Ra6 48.Kb2 Nd6 49.Kb3 Rb6+ 50.Kc3 Ra6
51.Re2 Kg7 52.Rb8 Ra3+ 53.Rb3 Ra4 54.Rb4 Ra5 55.Kb3 h2 56.Re1 Nf5 57.Rh1 Nd4+
58.Kb2 Rca7 59.c5 Ne2 60.Rxh2 Rxc5 61.Bb3 Nc1 62.Rh3 Nxb3 63.axb3 Rac7 64.Rf3 Rc2+
65.Ka3 Ra7+ 66.Ra4 Rd7 67.f5 g5 68.Rc4 Ra7+ 69.Kb4 Rb7+ 70.Kc5 Rc7+ 71.Kb5 Rb7+
72.Kc6 Rxb3 73.Rxc2  1/2-1/2

[Event "8th Balagne Open"]
[Site "Calvi FRA"]
[Date "2011.04.29"]
[Round "6.7"]
[White "Bakre,T"]
[Black "Adrian,C"]
[Result "1-0"]
[WhiteElo "2530"]
[BlackElo "2258"]

1.Nf3 Nf6 2.c4 e6 3.Nc3 c5 4.g3 d5 5.cxd5 exd5 6.d4 Nc6 7.Bg2 Be7 8.O-O O-O
9.dxc5 Bxc5 10.Na4 Be7 11.Be3 Ne4 12.Rc1 Re8 13.Nd4 Bf6 14.Nxc6 bxc6 15.Rxc6 Bd7
16.Rc1 Bxa4 17.Qxa4 Bxb2 18.Rc2 Bf6 19.Rd1 Qe7 20.Rxd5 Nc3 21.Rxc3 Bxc3 22.Rd7 Qf6
23.Bxa8 Rxa8 24.Rxa7 Rd8 25.Ra8 g6 26.Bh6 Bd4 27.Qe8+  1-0

[Event "Ostravsky Konik A"]
[Site "Ostrava CZE"]
[Date "2011.04.30"]
[Round "1.23"]
[White "Orzechowski,J"]
[Black "Ling,B"]
[Result "1/2-1/2"]
[WhiteElo "2274"]
[BlackElo "2010"]

1.c4 c5 2.Nf3 Nf6 3.Nc3 e6 4.e3 b6 5.d4 cxd4 6.exd4 d6 7.Bd3 Bb7 8.O-O Be7
9.Re1 O-O 10.a3 Nbd7 11.b4 a5 12.Rb1 axb4 13.axb4 Ba6 14.Bg5 h6 15.Bh4 Qc7
16.Rc1 Rfc8 17.Qd2 Qd8 18.Ra1 Bb7 19.Nb5 Rxa1 20.Rxa1 Ra8 21.Rxa8 Qxa8 22.Ne1 Bc6
23.Nc3 Qa1 24.Bf1 Bf8 25.Nd3 Ne4 26.Nxe4 Bxe4 27.f3 Bb7 28.Bf2 Ba6 29.Qb2 Qa4
30.b5 Bb7 31.Qb4 Qxb4 32.Nxb4 d5 33.Nc6 dxc4 34.Bxc4 Nf6  1/2-1/2

[Event "Ostravsky Konik A"]
[Site "Ostrava CZE"]
[Date "2011.05.02"]
[Round "3.8"]
[White "Ivanov,MM"]
[Black "Sikora Lerch,J"]
[Result "1/2-1/2"]
[WhiteElo "2428"]
[BlackElo "2212"]

1.Nf3 Nf6 2.c4 c5 3.Nc3 g6 4.d4 cxd4 5.Nxd4 Bg7 6.e4 Nc6 7.Be3 Ng4 8.Qxg4 Nxd4
9.Qd1 e5 10.Bd3 d6 11.O-O O-O 12.Ne2 Be6 13.Nxd4 exd4 14.Bf4 f5 15.exf5 Bxf5
16.Bg3 Rc8 17.b4 Qb6 18.Qb3 Kh8 19.Rab1 Bxd3 20.Qxd3 Qc6 21.Rfc1 b5 22.c5 dxc5
23.Rxc5 Qe6 24.Rbc1 a6 25.h3 Rxc5 26.bxc5 Rc8 27.Rc2 Qd5 28.Bd6 Re8 29.Re2  1/2-1/2

[Event "Karlovy Vary Open"]
[Site "Karlovy Vary CZE"]
[Date "2011.05.03"]
[Round "8.5"]
[White "Wimmer,Mi"]
[Black "Amato,G"]
[Result "1-0"]
[WhiteElo "2088"]
[BlackElo "1987"]

1.Nf3 c5 2.c4 Nf6 3.Nc3 d5 4.cxd5 Nxd5 5.d4 Nxc3 6.bxc3 g6 7.g3 Bg7 8.Bg2 O-O
9.O-O cxd4 10.cxd4 Nc6 11.e3 Bg4 12.Qa4 Rc8 13.Ba3 Bd7 14.Qb3 b6 15.Rac1 Be6
16.Qb1 Qd7 17.Ng5 Na5 18.Nxe6 Qxe6 19.Bb4 Nc4 20.Qb3 b5 21.Rc2 Qd7 22.Rfc1 a6
23.Bf1 Nb6 24.Qa3 Rxc2 25.Rxc2 Nd5 26.Bc5 Rc8 27.Bg2 e5 28.Rd2 Nc7 29.Qa5 exd4
30.Bxd4 Bxd4 31.Rxd4 Qe7 32.Qd2 Ne6 33.Rd7 Qa3 34.Bb7 Rc1+ 35.Kg2 Ra1 36.Bd5 Qc5
37.Bxe6 Qc6+ 38.Qd5 Qxe6 39.Rd8+ Kg7 40.Qd4+ Qf6 41.Rg8+  1-0

[Event "ch-UKR semi-final"]
[Site "Alushta UKR"]
[Date "2011.05.06"]
[Round "4.12"]
[White "Koziak,V"]
[Black "Solovchuk,A"]
[Result "1-0"]
[WhiteElo "2482"]
[BlackElo "2348"]

1.Nf3 Nf6 2.c4 e6 3.Nc3 c5 4.g3 d5 5.cxd5 Nxd5 6.Bg2 Be7 7.O-O O-O 8.d4 Nxc3
9.bxc3 Nd7 10.a4 Qc7 11.e4 b6 12.Bf4 Bd6 13.e5 Be7 14.d5 Qb8 15.dxe6 fxe6
16.Bh3 Kf7 17.Qb3 c4 18.Bxe6+ Ke8 19.Qxc4 Rxf4 20.Qxf4  1-0

[Event "7th WSCC U17 Open"]
[Site "Krakow POL"]
[Date "2011.05.06"]
[Round "7.7"]
[White "Staron,P"]
[Black "Ludwikowski,L"]
[Result "1/2-1/2"]
[WhiteElo "1589"]
[BlackElo "1565"]

1.c4 c5 2.Nf3 Nf6 3.Nc3 e6 4.e4 d6 5.d4 cxd4 6.Nxd4 g6 7.Bg5 Bg7 8.Ndb5 O-O
9.Nxd6 Qb6 10.Rb1 Nc6 11.Be3 Qa5 12.c5 Rd8 13.Qe2 a6 14.Nc4 Qc7 15.Nb6 Rb8
16.g3 Nd4 17.Bxd4 Rxd4 18.b4 Bh6 19.f4 Bd7 20.e5 Nd5 21.Nbxd5 exd5 22.Qe3 Re4
23.Nxe4 dxe4 24.Qxe4 Bc6 25.Qd4 Bxh1 26.Qd6 Qd8 27.Rd1 Qxd6 28.exd6 Bf3 29.Rd2 Bg7
30.Kf2 Bg4 31.a3 h5 32.b5 Bc3 33.Rd3 Bg7 34.c6 bxc6 35.bxc6 Bf6 36.c7 Rc8
37.Rd2 Bd7 38.Bxa6 Re8 39.a4 Bc3 40.Rd3 Be1+ 41.Kf1 Bb4 42.c8=Q Bxc8 43.d7 Bxd7
44.Rxd7 Re1+ 45.Kf2 Rc1 46.Rd8+ Kg7 47.Rc8 Rxc8 48.Bxc8 Kf6 49.Ke3 Bc5+ 50.Ke4 Bg1
51.h3 Bf2 52.g4 hxg4 53.Bxg4 Bb6 54.f5 Bc7 55.fxg6 fxg6 56.Kd5 Kg7 57.Kc6 Ba5
58.Kb5 Be1 59.a5  1/2-1/2

[Event "TCh-POL Ekstraliga"]
[Site "Wroclaw POL"]
[Date "2011.05.06"]
[Round "1.1"]
[White "Swiercz,D"]
[Black "Gdanski,J"]
[Result "1/2-1/2"]
[WhiteElo "2553"]
[BlackElo "2543"]

1.Nf3 Nf6 2.c4 c5 3.Nc3 e6 4.g3 Nc6 5.Bg2 d5 6.cxd5 Nxd5 7.O-O Nxc3 8.bxc3 Be7
9.d4 O-O 10.e4 b6 11.Bf4 cxd4 12.cxd4 Ba6 13.Re1 Nb4 14.Bf1 Bxf1 15.Rxf1 Rc8
16.Qa4 a6 17.Qb3 b5 18.Rfd1 Nc6 19.d5 Na5 20.Qd3 exd5 21.exd5 Bf6 22.Rac1 Nc4
23.Re1 Qd7 24.Nd2 Rcd8 25.Nxc4 bxc4 26.Qxc4 Qxd5 27.Qxa6 Ra8 28.Qc4 Qxc4
29.Rxc4 Rxa2 30.Rce4 h6 31.R1e2  1/2-1/2

[Event "ch-Euro Indiv Women"]
[Site "Tbilisi GEO"]
[Date "2011.05.07"]
[Round "1"]
[White "Ovod,E"]
[Black "Bokuchava,M"]
[Result "1-0"]
[WhiteElo "2404"]
[BlackElo "2115"]

1.Nf3 Nf6 2.c4 c5 3.Nc3 b6 4.e4 d6 5.d4 cxd4 6.Nxd4 Bb7 7.Qe2 g6 8.g3 Bg7
9.Bg2 Nc6 10.Be3 Rc8 11.Rd1 Nd7 12.O-O O-O 13.b3 a6 14.Nd5 Rb8 15.f4 e6 16.Nxc6 Bxc6
17.Nb4 Bb7 18.Rxd6 Qc7 19.e5 a5 20.Nc6 Ra8 21.Rfd1 Nc5 22.Bxc5 bxc5 23.Rd7  1-0

[Event "ch-UKR semi-final"]
[Site "Alushta UKR"]
[Date "2011.05.08"]
[Round "6.47"]
[White "Buturin,V"]
[Black "Varchenko,G"]
[Result "1/2-1/2"]
[WhiteElo "2311"]
[BlackElo "2128"]

1.c4 c5 2.Nf3 Nf6 3.Nc3 g6 4.d4 cxd4 5.Nxd4 Bg7 6.e4 d6 7.Be2 O-O 8.O-O Nc6
9.Nc2 a6 10.Rb1 Rb8 11.Be3 Nd7 12.Qd2 Nde5 13.Bh6 f5 14.Bxg7 Kxg7 15.f4 Nf7
16.Kh1 fxe4 17.Nxe4 Bf5 18.Ng3 Bxc2 19.Qxc2 e5 20.Qc3 Nd4 21.Bf3 b5 22.Bd5 Nh6
23.fxe5 dxe5 24.Rxf8 Qxf8 25.Rf1 Qe7 26.c5 Rd8 27.Be4 Qh4 28.c6 Qe7 29.Rc1 Qc7
30.Qe1 Ng4 31.h3 Nf6 32.Qe3 Rd6 33.Rc5 Ne6 34.Rc1 Nd4 35.Rc5 Re6 36.Qa3 a5
37.Qd3 Rd6 38.Qe3 Re6 39.Rc1 Nxe4 40.Qxe4 Rxc6 41.Rxc6 Nxc6 42.Qd5 Nd4 43.Kh2 a4
44.a3 Qe7 45.Ne4 Qe6 46.Qc5 h6 47.Qc7+ Kf8 48.Qd8+ Kg7 49.Qc7+ Kf8 50.Qd8+ Kg7
51.Qc7+  1/2-1/2

[Event "ch-Euro Indiv Women"]
[Site "Tbilisi GEO"]
[Date "2011.05.08"]
[Round "2"]
[White "Goryachkina,A"]
[Black "Milliet,S"]
[Result "1/2-1/2"]
[WhiteElo "2103"]
[BlackElo "2388"]

1.Nf3 Nf6 2.c4 c5 3.Nc3 e6 4.g3 b6 5.Bg2 Bb7 6.O-O Be7 7.d4 cxd4 8.Qxd4 d6
9.Bg5 a6 10.Bxf6 Bxf6 11.Qf4 O-O 12.Rfd1 Be7 13.Ne4 Bxe4 14.Qxe4 Ra7 15.Nd4 Qc8
16.b3 Bf6 17.a4 Qc5 18.Ra2 Rd8 19.Qd3 a5 20.Rad2 Bxd4 21.Qxd4 Rad7 22.h4 Qxd4
23.Rxd4 Kf8 24.h5 Ke7 25.g4 Rc7 26.R4d3 Na6 27.g5 Rc5 28.Rg3 Nb4 29.f4 Rdc8
30.Kf2 h6 31.gxh6 gxh6 32.Bf3 Rf5 33.e3 d5 34.Bg4 Rf6 35.Be2 dxc4 36.Bxc4 Rf5
37.Rh3 Rcc5 38.Rdh1 Nc6 39.Kg3 e5 40.Kg4 Rf6 41.Rd1 Na7 42.Rd5 Rxd5 43.Bxd5 Kd6
44.Bc4 Nc6 45.Rh1 exf4 46.exf4 Nd4  1/2-1/2

[Event "TCh-POL Ekstraliga"]
[Site "Wroclaw POL"]
[Date "2011.05.08"]
[Round "3.4"]
[White "Krasenkow,M"]
[Black "Gritsak,O"]
[Result "0-1"]
[WhiteElo "2619"]
[BlackElo "2528"]

1.Nf3 c5 2.c4 Nf6 3.Nc3 e6 4.g3 b6 5.e4 Bb7 6.Qe2 Nc6 7.Bg2 d6 8.O-O Nd7
9.d3 Be7 10.Be3 O-O 11.d4 cxd4 12.Nxd4 a6 13.Rac1 Nxd4 14.Bxd4 Rc8 15.f4 Qc7
16.b3 Rfe8 17.e5 Bxg2 18.Kxg2 Rcd8 19.Rcd1 dxe5 20.fxe5 Bc5 21.Bxc5 Qxc5
22.Rfe1 Nf8 23.Qf2 Qc6+ 24.Qf3 Qc7 25.Ne4 Rxd1 26.Qxd1 Rd8 27.Qh5 Ng6 28.Ng5 Rd2+
29.Kh3 h6 30.Nf3 Rxa2 31.Qg4 Qc5 32.Rd1 Qe3 33.Re1 Qxb3 34.Qe4 Qc2 35.Qxc2 Rxc2
36.Rb1 Rxc4 37.Rxb6 Rc3 38.Kg2 Rc5 39.Rb8+ Kh7 40.Rb7 Nxe5 41.Nxe5 Rxe5 42.Rxf7 Kg6
43.Ra7 Re2+ 44.Kh3 Ra2 45.g4 Kf6 46.Kg3 Ra3+ 47.Kg2 a5 48.h4 a4 49.Ra5 Ra1
50.g5+ hxg5 51.hxg5+ Kg6 52.Ra7 Kxg5 53.Rxg7+ Kf6 54.Rg4 a3 55.Rg3 a2 56.Ra3 e5
57.Ra8 e4 58.Ra6+ Ke5 59.Kf2 e3+  0-1

[Event "ch-Euro Indiv Women"]
[Site "Tbilisi GEO"]
[Date "2011.05.10"]
[Round "4"]
[White "Cramling,P"]
[Black "Ovod,E"]
[Result "1/2-1/2"]
[WhiteElo "2468"]
[BlackElo "2404"]

1.Nf3 c5 2.c4 Nf6 3.Nc3 e6 4.g3 b6 5.Bg2 Bb7 6.O-O Be7 7.b3 d6 8.Bb2 Nbd7
9.e3 O-O 10.d4 Ne4 11.Ne2 Ndf6 12.Nf4 cxd4 13.exd4 d5 14.Ne5 Rc8 15.Rc1 Rc7
16.Re1 Qc8 17.cxd5 exd5 18.Bh3 Rxc1 19.Qxc1 Qxc1 20.Rxc1 Bd6 21.f3 Ng5 22.Bg2 Re8
23.Kf2 Kf8 24.h4 Ne6 25.Nxe6+ Rxe6 26.Rc2 Re7 27.Bc1 Ne8 28.Bf4 Rc7 29.Ng6+ Kg8
30.Re2 Bc6 31.Bxd6 Nxd6 32.Re7 Bd7 33.Ne5 Rc2+ 34.Kg1 Bc8 35.Rxa7 f6 36.Nd3 Nb5
37.Ra8 Nxd4 38.Nb4 Rc1+ 39.Kh2 h5 40.Nxd5 Kh7 41.Ra4 Rd1 42.Nf4 Bb7 43.g4 Bxf3
44.gxh5 Rd2 45.Kg3 Bxg2 46.Nxg2 Ne2+ 47.Kf3 Ng1+ 48.Kg3 Ne2+ 49.Kf3 Ng1+
50.Ke4  1/2-1/2

[Event "46th Capablanca Memorial Open B"]
[Site "Havana CUB"]
[Date "2011.05.11"]
[Round "1.10"]
[White "Gonzalez,Ha"]
[Black "Hernandez Copin,E"]
[Result "1-0"]
[WhiteElo "2250"]
[BlackElo "2244"]

1.c4 Nf6 2.Nc3 c5 3.Nf3 g6 4.e3 Bg7 5.d4 Na6 6.Be2 O-O 7.O-O d6 8.b3 Bd7
9.Bb2 Re8 10.Qd2 Rc8 11.Rad1 Bc6 12.d5 Bd7 13.e4 Ng4 14.h3 Ne5 15.Ne1 f6
16.f4 Nf7 17.Nb5 Qb6 18.Kh1 Nc7 19.a4 Nxb5 20.cxb5 a6 21.a5 Qd8 22.bxa6 bxa6
23.Bc3 f5 24.exf5 Bxc3 25.Qxc3 Bxf5 26.Bxa6 Ra8 27.Bb5 Bd7 28.Bxd7 Qxd7 29.Nd3 Qb7
30.Nb2 Reb8 31.Rf3 Qb4 32.Nc4 Qxc3 33.Rxc3 Rb5 34.Re1 Kf8 35.f5 gxf5 36.Rf3 Nh6
37.Re6 Ng8 38.Rxf5+ Kg7 39.Re3 Rb7 40.Rg3+ Kh8 41.Rf7 Nh6 42.Rf1 Rab8 43.Kh2 Rd8
44.Re3 Kg7 45.a6 Ra7 46.Na5 Re8 47.Nc6 Rxa6 48.Nxe7 Rb8 49.Nc6 Rg8 50.Rf2 Rb6
51.Na5 Rd8 52.Re7+ Kg8 53.Rf6  1-0

[Event "6th Paradiso Amateur Open"]
[Site "Paradiso SUI"]
[Date "2011.05.15"]
[Round "5.4"]
[White "Borsos,B"]
[Black "Profumo,A"]
[Result "1-0"]
[WhiteElo "2278"]
[BlackElo "2251"]

1.Nf3 Nf6 2.c4 g6 3.Nc3 c5 4.Nd5 Bg7 5.Nxf6+ Bxf6 6.h4 Nc6 7.h5 d6 8.d3 Bg4
9.hxg6 hxg6 10.Rxh8+ Bxh8 11.Qb3 Qd7 12.Be3 O-O-O 13.O-O-O Bf6 14.Ng5 Bxg5
15.Bxg5 f6 16.Be3 e5 17.f3 Be6 18.Bf2 f5 19.e3 Qg7 20.d4 exd4 21.exd4 cxd4
22.Qd3 Qc7 23.Bxd4 Ne5 24.Qe3 Bxc4 25.Kb1 Bxf1 26.Rxf1 Nc6 27.Bxa7 Qf7 28.Bb6 Re8
29.Qa3 Kd7 30.Rd1 Qe6 31.Bc5 d5 32.Qb3 Kc8 33.Qxd5 Qxd5 34.Rxd5 Re5 35.Rxe5 Nxe5
36.Kc2 g5 37.Bd4 Ng6 38.Kd2 Kd7 39.Bf6 g4 40.fxg4 fxg4 41.Ke3 Ke6 42.Bc3 Kf5
43.a4 Nf4 44.g3 Nh5 45.Be1 Ke5 46.b4 Kd5 47.b5 Kc5 48.Ke4 b6 49.Ke5 Kc4 50.Kd6 Nf6
51.Kc6 Nd5 52.Bd2 Kd4 53.a5 bxa5 54.Bxa5 Ne7+ 55.Kd7 Ng6 56.Bc7 Kc5 57.b6 Ne7
58.Kxe7  1-0